| 000 | 00552cam a2200181 a 4500 | ||
|---|---|---|---|
| 020 | _a0080372449 : | ||
| 040 | _cDLC | ||
| 082 | 0 | 0 | _a511 PER 1990 A063 Or. |
| 100 | 1 | _aMurthy, D. N. P. | |
| 245 | 1 | 0 |
_aMathematical modelling : _ba tool for problem solving in engineering, physical, biological, and social sciences / |
| 250 | _a1st ed. | ||
| 260 |
_aOxford ; _aNew York : _bPergamon Press, _c1990. |
||
| 300 |
_axvi, 339 p. : _bill. ; _c24 cm. |
||
| 650 | 0 | _aMathematical models. | |
| 700 | 1 | _aPage, N. W. | |
| 700 | 1 | _aRodin, Ervin Y., | |
| 942 | _cEK | ||
| 999 |
_c15348 _d15348 |
||